| 000 | 00715nam a2200145 a 4500 | ||
|---|---|---|---|
| 008 | 081001s2007 ||||||||||||||||| || u | ||
| 050 | _aUN-ECA(02) | ||
| 110 | _aUnited Nations Economic Commission For Africa(UNECA) | ||
| 245 | 1 | 0 | _aSub-Saharan Africa Colloquium on Information Literacy and Lifelong Learning, 29th - 30th April, 2007, Addis Ababa, Ethiopia |
| 260 |
_aKumasi (Ghana) _bIFLA _c2007 |
||
| 350 | _a0.00 | ||
| 650 | _aINFORMATION LITERACY-CONGRESSES | ||
| 710 | _aInternational Federation of Library Associations and Institutions (IFLA) | ||
| 995 |
_D0.00 _FCBU-MAIN LIBRARY (Kitwe) _H1 _I0.00 _M1 _UAVAILABLE _WOct 2, 2008 _ZInternational Publications |
||
| 999 |
_c59019 _d59019 |
||